Love your Mondays and retire young / (Record no. 82325)

MARC details
000 -LEADER
fixed length control field 01156nam a22003137a 4500
005 - DATE AND TIME OF LATEST TRANSACTION
control field 20170726145311.0
010 ## - LCCN (DPL NO)
LC control number BAC-EN21 /ENG-109242
020 ## - INTERNATIONAL STANDARD BOOK NUMBER
International Standard Book Number 9788132113416
Terms of availability 350.00
020 ## - INTERNATIONAL STANDARD BOOK NUMBER
International Standard Book Number 9788132113416
Terms of availability 395.00 (AV)
035 ## - SYSTEM CONTROL NUMBER
System control number EN-92775
035 ## - SYSTEM CONTROL NUMBER
System control number B-580379-392
035 ## - SYSTEM CONTROL NUMBER
System control number B-667327
037 ## - SOURCE OF ACQUISITION
Source of stock number/acquisition Aakar/Ven
Stock number dpl
037 ## - SOURCE OF ACQUISITION
Source of stock number/acquisition DBAD/PUB
082 00 - DEWEY DECIMAL CLASSIFICATION NUMBER
Classification number 650.1
Edition number 23
100 1# - MAIN ENTRY--PERSONAL NAME
Personal name Sharma, Siddhartha
Dates associated with a name 1984-
245 10 - TITLE STATEMENT
Title Love your Mondays and retire young /
Statement of responsibility, etc by Siddhartha Sharma
260 ## - PUBLICATION, DISTRIBUTION, ETC. (IMPRINT)
Place of publication, distribution, etc New Delhi
Name of publisher, distributor, etc SAGE Publications
Date of publication, distribution, etc 2014
270 ## - ADDRESS
Address B1/I-1, Mohan Cooperative Industrial Area, Mathura Road
City New Delhi
Postal code 110044
300 ## - PHYSICAL DESCRIPTION
Extent xxx,291p.
Other physical details 22cm(pbk)
500 ## - GENERAL NOTE
General note Includes bibliographical references
650 #0 - SUBJECT ADDED ENTRY--TOPICAL TERM
Topical term or geographic name as entry element Job satisfaction.
650 #0 - SUBJECT ADDED ENTRY--TOPICAL TERM
Topical term or geographic name as entry element Quality of work life.
650 #0 - SUBJECT ADDED ENTRY--TOPICAL TERM
Topical term or geographic name as entry element Success in business.
650 #0 - SUBJECT ADDED ENTRY--TOPICAL TERM
Topical term or geographic name as entry element Entrepreneurship.
942 ## - ADDED ENTRY ELEMENTS (KOHA)
Source of classification or shelving scheme Dewey Decimal Classification
Item type English Books
Classification part 650.1
Call number suffix SHA
Holdings
Withdrawn status Lost status Not for loan Collection code Home library Current library Date acquired Source of acquisition Cost, normal purchase price Full call number Barcode Copy number Cost, replacement price Koha item type
      Non-fiction Ashok Vihar Ashok Vihar 26/07/2017 BPPD/EN/2014-15/AV/16-17/412/15.2.2017/I-3324/01.03.2017/ 17.3.2017 395.00 650.1 SHA B-667327 1 395.00 English Books
      Non-fiction Bawana Bawana 06/07/2015 Aakar Books/1-1393/17.12.2014/167/08.12.2014/30.12.2014 350.00 650.1 SHA B-580391 1 350.00 English Books
      Non-fiction Central Jail Tihar Central Jail Tihar 06/07/2015 Aakar Books/1-1393/17.12.2014/167/08.12.2014/30.12.2014 350.00 650.1 SHA B-580385 1 350.00 English Books
      Non-fiction Central Library Central Library 06/07/2015 Aakar Books/1-1393/17.12.2014/167/08.12.2014/30.12.2014 350.00 650.1 SHA B-580379 1 350.00 English Books
      Non-fiction Diz Area Diz Area 06/07/2015 Aakar Books/1-1393/17.12.2014/167/08.12.2014/30.12.2014 350.00 650.1 SHA B-580386 1 350.00 English Books
      Non-fiction Janak Puri Janak Puri 06/07/2015 Aakar Books/1-1393/17.12.2014/167/08.12.2014/30.12.2014 350.00 650.1 SHA B-580387 1 350.00 English Books
  Written-off vide DLB M. No. 383 dt 16.05.19   Non-fiction Karol Bagh Karol Bagh 06/07/2015 Aakar Books/1-1393/17.12.2014/167/08.12.2014/30.12.2014 350.00 650.1 SHA B-580389 1 350.00 English Books
      Non-fiction Kasturba Gandhi Marg Kasturba Gandhi Marg 06/07/2015 Aakar Books/1-1393/17.12.2014/167/08.12.2014/30.12.2014 350.00 650.1 SHA B-580382 1 350.00 English Books
    Not For Loan Non-fiction D.B.Act.Division Mobile Library 06/02/2014 DBAD/PUB 350.00 650.1 SHA EN-92775 1 350.00 English Books
      Non-fiction Narela Narela 06/07/2015 Aakar Books/1-1393/17.12.2014/167/08.12.2014/30.12.2014 350.00 650.1 SHA B-580390 1 350.00 English Books
      Non-fiction New Police Line New Police Line 06/07/2015 Aakar Books/1-1393/17.12.2014/167/08.12.2014/30.12.2014 350.00 650.1 SHA B-580380 1 350.00 English Books
      Non-fiction Patel Nagar Patel Nagar 06/07/2015 Aakar Books/1-1393/17.12.2014/167/08.12.2014/30.12.2014 350.00 650.1 SHA B-580381 1 350.00 English Books
      Non-fiction Peshwa Road Peshwa Road 06/07/2015 Aakar Books/1-1393/17.12.2014/167/08.12.2014/30.12.2014 350.00 650.1 SHA B-580383 1 350.00 English Books
      Non-fiction Sarojini Nagar Sarojini Nagar 06/07/2015 Aakar Books/1-1393/17.12.2014/167/08.12.2014/30.12.2014 350.00 650.1 SHA B-580388 1 350.00 English Books
      Non-fiction Shahdara Branch Shahdara Branch 06/07/2015 Aakar Books/1-1393/17.12.2014/167/08.12.2014/30.12.2014 350.00 650.1 SHA B-580392 1 350.00 English Books
      Non-fiction Tri Nagar Tri Nagar 06/07/2015 Aakar Books/1-1393/17.12.2014/167/08.12.2014/30.12.2014 350.00 650.1 SHA B-580384 1 350.00 English Books

© Delhi Public Library
Hit Counter
free hit counter